000 00625nam a2200205Ia 4500
003 GCL
008 140319s9999 xx 000 0 ara d
020 _a7094609977
040 _aGCL /
_cGCL
082 0 4 _a709.01
_bث ف
100 1 _aثروت عكاشة
245 1 0 _aفنون الشرق الاقصى الفن الهندى /
_cثروت عكاشة
250 _aالاولى
260 _aالقاهرة :
_bدار الشروق ،
_c2005
300 _a435 ص ؛
_c32 سم
650 0 4 _aالفنون الجميلة
650 0 4 _aالفن الهندى القديم
650 0 4 _aالفن الهندى
942 _2ddc
_cBK
999 _c8210
_d8210